| 000 | 00509nam a2200181 a 4500 | ||
|---|---|---|---|
| 001 | 154523 | ||
| 003 | OSt | ||
| 005 | 20231018170536.0 | ||
| 008 | 170328 ### HIN | ||
| 020 | _a9789382616979 | ||
| 082 |
_a954.04 _bG93I |
||
| 100 | _aGuha, Ramachandra | ||
| 245 |
_aIndia after Gandhi : the history of world's largest democracy _cby Ramachandra Guha |
||
| 260 |
_aIndia _bPicador/ Pan Macmillan _c2017 |
||
| 300 | _a898p. | ||
| 690 | _aIndia; Politics and government | ||
| 942 |
_2ddc _cBK |
||
| 999 |
_c26728 _d26728 |
||